| 000 | 00817nam a2200217Ia 4500 | ||
|---|---|---|---|
| 001 | 90191 | ||
| 003 | 169246 | ||
| 005 | 20250815062542.0 | ||
| 008 | ||||||n9999 ||| || || | ||
| 082 | _a600 | ||
| 245 | 0 | _aInfluencia del uso de la tecnología en el desarrollo económico y social de Palmor, Sierra Nevada de Santa Marta | |
| 562 | _e1 | ||
| 650 |
_aDESARROLLO SOCIAL Y ECONOMICO _994800 |
||
| 650 |
_aESCUELA SUPERIOR DE ADMINISTRACIÓN PÚBLICA (ATLÁNTICO)--TESIS Y DISERTACIONES ACADÉMICAS _958699 |
||
| 650 | 0 |
_aESPECIALIZACIÓN EN GESTIÓN Y PLANIFICACIÓN DEL DESARROLLO URBANO Y REGIONAL (ATLÁNTICO) _977067 |
|
| 650 |
_aGESTION TECNOLOGICA _9107952 |
||
| 650 | 0 |
_aProducción cafetera _9103968 |
|
| 650 | 0 |
_aProductividad _989 |
|
| 650 |
_aSISTEMA DE PRODUCCION _95590 |
||
| 942 | _cTESIS | ||
| 999 |
_c90191 _d90191 |
||